000 00655nam a22002057a 4500
005 20251108175505.0
008 250721s2010 xx 000 0 ara d
082 1 4 _a956.03/عبد
100 1 _aعبد الحكيم، منصور
245 1 0 _aعمرو بن العاص داهية من التجارة إلى الإمارة /
264 1 _aالقاهرة :
_bدار الكتاب العربي،
_c2010.
300 _a416ص.
650 1 7 _aالصحابة والتابعون
650 1 7 _aالعسكريون
650 1 7 _aالعباقرة
650 1 7 _aالتراجم
650 1 7 _aعصر صدر الاسلام
942 _2ddc
_cBK
999 _c135352
_d135352